| 000 | 01127na a2200325 4500 | ||
|---|---|---|---|
| 999 |
_c2741 _d2741 |
||
| 001 | 21748 | ||
| 003 | MIRAKIL | ||
| 005 | 20200623164138.0 | ||
| 008 | 170207b tu 000 0 | ||
| 035 | _a21748 | ||
| 040 |
_aMilas _btur _cTR-AnCHP |
||
| 041 | _atur | ||
| 082 |
_aCHP 330 _bC3636e 2016 |
||
| 090 | _aBROŞÜR 455 | ||
| 110 |
_aCumhuriyet Halk Partisi (CHP) _bEkonomi Politikaları Genel Başkan Yardımcılığı |
||
| 245 |
_aEkonomi yönetiminin demokratikleştirilmesi paketi _cCHP Ekonomi Politikalarından Sorumlu Genel Başkan Yardımcılığı |
||
| 260 |
_aAnkara _bCHP _cŞubat 2016 |
||
| 300 |
_a22 s. _brnkl. _c21 sm. |
||
| 440 | _aCHP Ekonomi Politikaları Genel Başkan Yardımcılığı | ||
| 490 |
_aEkonomi notları _v16-02 |
||
| 610 |
_aAKP _xReformalar |
||
| 610 |
_aCHP _xEkonomi politikaları |
||
| 650 |
_aEkonomi _xRaporlar _zTürkiye |
||
| 740 | _aEkonomi yönetiminin demokratikleştirilmesi eylem paketi | ||
| 830 | _aCHP raporları | ||
| 942 |
_2ddc _cBKS |
||
| 999 | _d2741 | ||